000
00321nam a22001337a 4500
020
_a
9781406290615
040
_c
NUST
082
_a
823.54 STA
100
_a
Staniford, Linda
_9
110204
245
_a
Wants Versus Needs Possessions
260
_a
London:
_b
Raintree,
_c
2015.
650
_a
English Fiction
942
_2
ddc
_c
BK
999
_c
593659
_d
593659